Demut ha-adam be-toldot ha-omanut / (Record no. 33476)
[ view plain ]
| 000 -LEADER | |
|---|---|
| fixed length control field | 00903cam a22002651 4500 |
| 001 - CONTROL NUMBER | |
| control field | he 68002019 |
| 003 - CONTROL NUMBER IDENTIFIER | |
| control field | DLC |
| 005 - DATE AND TIME OF LATEST TRANSACTION | |
| control field | 20260227111500.0 |
| 008 - FIXED-LENGTH DATA ELEMENTS--GENERAL INFORMATION | |
| fixed length control field | 830616s1966 is af b 000 0 heb |
| 010 ## - LIBRARY OF CONGRESS CONTROL NUMBER | |
| LC control number | he 68002019 |
| 035 ## - SYSTEM CONTROL NUMBER | |
| System control number | (OCoLC)19156298 |
| 040 ## - CATALOGING SOURCE | |
| Original cataloging agency | DLC |
| Transcribing agency | MH |
| Modifying agency | CU |
| -- | OCoLC |
| -- | DLC |
| 042 ## - AUTHENTICATION CODE | |
| Authentication code | premarc |
| 050 00 - LIBRARY OF CONGRESS CALL NUMBER | |
| Classification number | N7570 |
| Item number | .B22 |
| 100 1# - MAIN ENTRY--PERSONAL NAME | |
| Personal name | Barasch, Moshe. |
| 245 10 - TITLE STATEMENT | |
| Title | Demut ha-adam be-toldot ha-omanut / |
| Statement of responsibility, etc. | [me-et] Mosheh Barash. |
| 260 ## - PUBLICATION, DISTRIBUTION, ETC. | |
| Place of publication, distribution, etc. | Jerusalem : |
| Name of publisher, distributor, etc. | ha-Soknut ha-Yehudit le-ʼErets Yiśraʼel, ha-Maḥlaḳah le-ʻaliyat yeladim ṿe-noʻar, Mador le-hadrakhah, |
| Date of publication, distribution, etc. | 727 [1966 or 1967] |
| 300 ## - PHYSICAL DESCRIPTION | |
| Extent | 204 p. : |
| Other physical details | ill., 16 plates ; |
| Dimensions | 19 cm. |
| 490 1# - SERIES STATEMENT | |
| Series statement | ʻIyunim la-madrikh ṿela-moreh ; |
| Volume/sequential designation | ḥoveret 37 |
| 504 ## - BIBLIOGRAPHY, ETC. NOTE | |
| Bibliography, etc. note | Bibliography: p. 201-204. |
| 650 #0 - SUBJECT ADDED ENTRY--TOPICAL TERM | |
| Topical term or geographic name entry element | Human figure in art. |
| 650 #0 - SUBJECT ADDED ENTRY--TOPICAL TERM | |
| Topical term or geographic name entry element | Art |
| General subdivision | History. |
| 752 ## - ADDED ENTRY--HIERARCHICAL PLACE NAME | |
| Country or larger entity | Israel |
| City | Jerusalem |
| 830 #0 - SERIES ADDED ENTRY--UNIFORM TITLE | |
| Uniform title | ʻIyunim ; |
| Volume/sequential designation | ḥoveret 37. |
No items available.